000 00471nam a22001217a 4500
008 230613b xxu||||| |||| 00| 0 eng d
020 _a978-9966-008-20-6
082 _a658.404
_bCHI
245 _aThe Complete Handbook of Sample Project Proposals:
_bOver 20 Sample and mode proposal proven to generate higher donations for any non-profit organisations
_cJohn Chikari
260 _aNairobi, Kenya
_bREPARED Publishing Department
_c2010
300 _axi, 280p
942 _2ddc
_cBK
999 _c1140
_d1140